| 000 | 00000nam##2200000za#4500 |
| 001 | 9.634916 |
| 003 | CaOODSP |
| 005 | 20210624220016 |
| 007 | cr ||||||||||| |
| 008 | 150407|2007||||xxc|||||o f|0| 0 fre|d |
| 040 | |aCaOODSP|bfre |
| 043 | |an-cn--- |
| 086 | 1 |aHS4-33/2007F-PDF |
| 110 | 1 |aCanada. |bRessources humaines et développement social Canada. |
| 245 | 10|aDescriptions de travail - manuel à l'usage des employeurs : |h[ressource électronique]|bcomment les rédiger, comment les utiliser |
| 246 | 13|aClassification nationale des professions |
| 260 | |aOttawa - Ontario : |bRessources humaines et Développement social Canada |c©2007. |
| 300 | |a26p.|bill. en couleur, tableaux |
| 500 | |aLe n° de catalogue (HS4-33/2007) et l'ISBN (978-0-662-49992-3) pour l'édition imprimée bilingue ont été incorrectement copiés dans cette édition PDF. |
| 520 | 3 |aFondé à partir de la Classification nationale des professions (CNP), ce manuel aidera les utilisateurs à rédiger des descriptions de travail pour recruter des employés, évaluer leur rendement et identifier les besoins en formation. |
| 590 | |a08-01|b2008-01-04 |
| 691 | 07|aClassification des emplois|2gcpds |
| 691 | 07|aDescription de poste|2gcpds |
| 691 | 07|aEmployeur|2gcpds |
| 775 | 08|tJob descriptions - an employer's handbook : |w(CaOODSP)9.690562 |
| 776 | 0#|tJob descriptions - an employer's handbook : |w(CaOODSP)9.668601 |
| 776 | 0#|tDescriptions de travail - manuel à l'usage des employeurs : |w(CaOODSP)9.668602 |
| 856 | 40|ahttp://publications.gc.ca|qPDF|s634 Ko|uhttps://publications.gc.ca/collections/collection_2008/hrsdc-rhdsc/HS4-33-2007F.pdf |
| 986 | |aWP-019-03-07F |